Regional Wood Energy Development Pragamme (Record no. 2999)

MARC details
000 -LEADER
fixed length control field 00236nam a22001097a 4500
041 ## - LANGUAGE CODE
Language code of text/sound track or separate title ENG
245 ## - TITLE STATEMENT
Title Regional Wood Energy Development Pragamme
260 ## - PUBLICATION, DISTRIBUTION, ETC. (IMPRINT)
Place of publication, distribution, etc Bankok
Name of publisher, distributor, etc FAO
Date of publication, distribution, etc 1987
300 ## - PHYSICAL DESCRIPTION
Extent 52
650 ## - SUBJECT ADDED ENTRY--TOPICAL TERM
Topical term or geographic name as entry element FAO (01)
856 ## - ELECTRONIC LOCATION AND ACCESS
Uniform Resource Identifier FAO (01)
Holdings
Withdrawn status Lost status Source of classification or shelving scheme Damaged status Not for loan Home library Current library Shelving location Date acquired Total Checkouts Barcode Date last seen Price effective from Koha item type
    Dewey Decimal Classification     College of Agricultural Engineering and Technology, Dapoli , Library College of Agricultural Engineering and Technology, Dapoli , Library Book Cart 15/12/2021   G00159 15/12/2021 15/12/2021 Books

Contact Us: College of Agricultural Engineering and Technology, Dapoli, Dist.- Ratnagiri
Website: https://dbskkv.org Email: caetlibrary2015@gmail.com